000
00251nam a22000977a 4500
008
221019b |||||||| |||| 00| 0 eng d
020
_a
9788172344764
100
_a
Stevenson Louis
_9
6776
245
_a
Treasure Island
260
_a
India
_b
Prakash Books
_c
2022
999
_c
12082
_d
12082